000 00615nam a2200217 a 4500
999 _c3422
_d3422
001 3422
003 BD-JhCC
005 20171113190720.0
008 171112s1369 bg ||||| |||| 00| 0 ben d
035 _a(BD-JhCC)
040 _aBD-JhCC
_dBD-JhCC
041 _aben
082 _a891.442
_bMOM 1369
100 _aমোমেন, নূরুল
245 _aনয়া খান্দান /
_cনুরুল মোমেন
260 _aঢাকা :
_bবাঙলা একাডেমী,
_c১৩৬৯.
300 _a74 p. :
_c22 cm.
650 _aBengali Drama
942 _2ddc
_cBK